000 00635nam a2200265Ia 4500
005 20260121170906.0
008 008 260114s9999 xx 000 0 eng d
020 _a9781137402837
037 _aEBOOK
040 _aCRL
040 _beng
040 _cCRL
041 _2eng
041 _aeng
084 _qCRL
100 _aDonald F. Lavanty
_91069443
245 0 _aPolitical Aspects of Health Care
260 _bSpringer
260 _bSpringer
260 _c2018
856 _uhttps://link.springer.com/openurl?genre=book&isbn=978-1-137-40283-7
942 _cEBOOK
999 _c1635173
_d1635173